|
|
|
|
| LEADER |
00000cam a2200000 7i4500 |
| 001 |
0000001534 |
| 005 |
20020308.0 |
| 090 |
0 |
0 |
|a 674.835
|b MOH 1986
|
| 100 |
0 |
0 |
|a MOHD. Hamami Sahri
|
| 245 |
1 |
0 |
|a Flexural strength of laminated timber deckings made from three hardwood species
|c Mohd. Hamami Sabri
|
| 260 |
0 |
0 |
|a Serdang, Selangor :
|b Fakulti Perhutanan, Universiti Pertanian Malaysia ,
|c 1986
|
| 300 |
|
|
|a 16 p. :
|b ill. ;
|c 29 cm.
|
| 440 |
0 |
0 |
|a Universiti Pertanian Malaysia occasional paper ; n. 7/Aug. 86
|
| 650 |
0 |
0 |
|a Flexure
|
| 650 |
0 |
0 |
|a Laminated wood
|
| 998 |
|
|
|a JPSM
|
| 999 |
|
|
|a 0000002943
|b Monograph
|c Open Shelf
|e Default branch
|
| 999 |
|
|
|a 0000003059
|b Monograph
|c Open Shelf
|e Default branch
|